=LDR 00000nam 2200000 4500 =001 001086 =005 20250713103233 =035 ##$$a 0010-0725000968 =007 ta =008 250713################a##########0#ind## =020 ##$$a 978-623-307-749-1 =082 ##$$a 398.209 598 =084 ##$$a 398.209 598 AHM t =100 #$$a Ahmad, Mazhar =245 1#$$a Tas Sekolah Aiman /$c Mazhar Ahmad =250 ##$$a Cetakan Pertama =260 ##$$a Jakarta Timur :$b Badan Pengembangan dan Pembinaan Bahasa,$c 2022 =300 ##$$a 14 hlm : $b ilus. ; $c 22,9 cm =650 #4$$a Literasi-Bahan Bacaan =600 #4$$a Cerita anak Indonesia - Terjemahan =856 ##$$a TBM AS SUHADA =990 ##$$a TBM202400992